| 000 | 00482nam a2200145Ia 4500 | ||
|---|---|---|---|
| 008 | 231217s9999 xx 000 0 und d | ||
| 041 | _aEnglish | ||
| 082 | _a370.11 HIR1;1 'R' | ||
| 100 | _aHira, D S EdMahesh Kumar Ed | ||
| 245 | 0 | _aHuman values in technical education and human resource development | |
| 260 |
_c2000 _bSant Longowal inst. of eng. and tech, Longowal |
||
| 300 | _a114 | ||
| 650 | _aHuman values, technical education,human resource development | ||
| 942 | _cAA | ||
| 999 |
_c168191 _d168191 |
||